000 00253nam a2200097Ia 4500
001 921806
005 20250826191432.0
008 250824s9999 xx 000 0 und d
245 0 _aCUMHURİYETİN İLK YÜZYILI
_cİLBER ORTAYLI
260 _bKRONİK YAYINLARI
999 _c921806
_d921806